000 00350nam a2200157Ia 4500
100 _aKiran Kumar V.G/ Nagesh/H.R
650 _aVLSI
942 _cBK
366 _f25
245 _aFundamentals of CMOS VLSI Design
260 _bPearson Eduation
_c2011
082 _a621.395
_bKIR
300 _a325
546 _aENGLISH
_cPAMPHALETS
999 _c23840
_d23840